000 01228cad a22002295a 4500
001 L147004
008 090323e20090316xxk f 000 0 eng d
035 _a(Sirsi) u147004
041 0 _aeng
050 0 4 _a333.33 $2 18
110 2 _aJones Lang LaSalle
_93755
245 0 0 _aPulse, global market perspective
_beconomic setbacks hinder real estate revival
_h[electronic resource]
260 _a[S.l.]
_bJones Lang LaSalle
_c2009
490 0 _aPulse
_bGlobal Market Perspective
_v(2)3 16 March 2009
520 _aLatest issue of this regular bulletin suggests that government stimulus packages have not acheived major positive results to date, and that the bottom of the downturn will not be reached until risk aversion ceases. Quotes figures from the OECD which show the outlook worsening for the seven major economies and many non-member economies. However, there is some evdience that the pace of decline may be slowing.
521 _aAdvanced
590 _aKA
651 4 _aInternational
690 _aPROPERTY-COMMERCIAL PROPERTY-COMMERCIAL PROPERTY MARKET
856 4 0 _uhttps://www.joneslanglasalle.com/Pages/GlobalMarketPerspective.aspx
_zView the bulletin free of charge at www.joneslanglasalle.com...
942 _n0
999 _c109391
_d109391